MARC details
| 000 -CABECERA |
| campo de control de longitud fija |
02348pam a22004091i 4500 |
| 001 - NÚMERO DE CONTROL |
| campo de control |
991014885319707026 |
| 003 - IDENTIFICADOR DEL NÚMERO DE CONTROL |
| campo de control |
UkOxU |
| 005 - FECHA Y HORA DE LA ÚLTIMA TRANSACCIÓN |
| campo de control |
20250331150251.0 |
| 006 - CÓDIGOS DE INFORMACIÓN DE LONGITUD FIJA--CARACTERÍSTICAS DEL MATERIAL ADICIONAL |
| campo de control de longitud fija |
m || d | |
| 007 - CAMPO FIJO DE DESCRIPCIÓN FÍSICA--INFORMACIÓN GENERAL |
| campo de control de longitud fija |
cr ||||||||||| |
| 008 - DATOS DE LONGITUD FIJA--INFORMACIÓN GENERAL |
| campo de control de longitud fija |
210505s2021 enka o 000|f|eng|d |
| 015 ## - NÚMERO DE BIBLIOGRAFÍA NACIONAL |
| Número de bibliografía nacional |
GBC1B1451 |
| Fuente |
bnb |
| 020 ## - NÚMERO INTERNACIONAL ESTÁNDAR DEL LIBRO |
| Número Internacional Estándar del Libro |
9780241520697 |
| 035 ## - NÚMERO DE CONTROL DEL SISTEMA |
| Número de control de sistema |
022672510-44oxf_inst |
| 035 ## - NÚMERO DE CONTROL DEL SISTEMA |
| Número de control de sistema |
(UkOxU)022672510 |
| 035 ## - NÚMERO DE CONTROL DEL SISTEMA |
| Número de control de sistema |
(Uk)020258587 |
| 037 ## - FUENTE DE ADQUISICIÓN |
| Número de adquisición |
PenguinBooksLtd766639 |
| Fuente del número de adquisición |
Ingram Content Group |
| 040 ## - FUENTE DE LA CATALOGACIÓN |
| Centro catalogador/agencia de origen |
StDuBDS |
| Lengua de catalogación |
eng |
| Normas de descripción |
rda |
| -- |
pn |
| Centro/agencia transcriptor |
StDuBDS |
| Centro/agencia modificador |
Uk |
| 042 ## - CÃDIGO DE AUTENTICACIÃN |
| Código de autenticación |
ukblsr |
| 100 ## - ENTRADA PRINCIPAL--NOMBRE DE PERSONA |
| Nombre de persona |
Yoon, David, |
| Término indicativo de función/relación |
author. |
| 9 (RLIN) |
25103 |
| 245 00 - MENCIÓN DE TÍTULO |
| Título |
Frankly in love |
| Mención de responsabilidad, etc. |
/ adapted from the novel by David Yoon. |
| 264 #1 - PRODUCCIÓN, PUBLICACIÓN, DISTRIBUCIÓN, FABRICACIÓN Y COPYRIGHT |
| Producción, publicación, distribución, fabricación y copyright |
London : |
| Nombre del de productor, editor, distribuidor, fabricante |
Penguin Books, |
| Fecha de producción, publicación, distribución, fabricación o copyright |
2021. |
| 300 ## - DESCRIPCIÓN FÍSICA |
| Extensión |
80 pages : illustrations ; 20 cm. |
| 490 0# - MENCIÓN DE SERIE |
| Mención de serie |
Penguin readers |
| 500 ## - NOTA GENERAL |
| Nota general |
Level 3. |
| 500 ## - NOTA GENERAL |
| Nota general |
Academic |
| 506 1# - NOTA DE RESTRICCIONES AL ACCESO |
| Limitaciones de acceso |
Legal Deposit; |
| Condiciones para el acceso físico |
Only available on premises controlled by the deposit library and to one user at any one time; |
| Autorización |
The Legal Deposit Libraries (Non-Print Works) Regulations (UK). |
| Institución que aplica el campo |
UkOxU |
| 520 ## - SUMARIO, ETC. |
| Sumario, etc. |
With carefully adapted text, new illustrations, language practise activities and additional online resources, the Penguin Readers series introduces language learners to bestselling authors and compelling content. Titles include popular classics, exciting contemporary fiction, and thought-provoking non-fiction.<br/><br/>Frankly in Love, a Level 3 Reader, is A2 in the CEFR framework. The text is made up of sentences with up to three clauses, introducing first conditional, past continuous and present perfect simple for general experience. It is well supported by illustrations, which appear on most pages.<br/><br/>Frank Li has Korean parents, but he feels that he's American. At high school, he falls in love for the first time with Brit, the girl of his dreams. But there's a problem: Brit is not Korean... |
| 540 ## - NOTA DE CONDICIONES DE USO Y REPRODUCCIÓN |
| Condiciones de uso y reproducción |
Restricted: Printing from this resource is governed by The Legal Deposit Libraries (Non-Print Works) Regulations (UK) and UK copyright law currently in force. |
| Institución que aplica el campo |
UkOxU |
| 588 ## - NOTA DE FUENTE DE LA DESCRIPCIÓN |
| Nota de fuente de la descripción |
Description based on CIP data; resource not viewed. |
| 650 #0 - PUNTO DE ACCESO ADICIONAL DE MATERIA--TÉRMINO DE MATERIA |
| Término de materia o nombre geográfico como elemento de entrada |
Korean Americans |
| Subdivisión de forma |
Fiction. |
| 653 ## - TÉRMINO DE INDIZACIÓN--NO CONTROLADO |
| Término no controlado |
Level 3 Reader, is A2 in the CEFR framework |
| 655 #0 - TÉRMINO DE INDIZACIÓN--GÉNERO/FORMA |
| Datos o término principal de género/forma |
Romance fiction |
| 9 (RLIN) |
22778 |
| 655 #0 - TÉRMINO DE INDIZACIÓN--GÉNERO/FORMA |
| Datos o término principal de género/forma |
Readers (Adult) |
| 9 (RLIN) |
22484 |
| 700 ## - ENTRADA AGREGADA--NOMBRE PERSONAL |
| Nombre de persona |
Yoon, David, |
| Título de la obra |
Frankly in love. |
| 942 ## - ELEMENTOS DE ENTRADA AGREGADA (KOHA) |
| Fuente del sistema de clasificación o colocación |
Clasificación de Library of Congress |